000 01305nam a2200301 i 4500
001 000044846
003 DO-SdBNP
005 20240404160652.0
007 ta
008 240404s201u dr ac 000 0 spa d
040 _aDO-SdBNP
_bspa
_cBNPHU
_erda
082 _222
_bG943
245 0 0 _aGuía para Orientar el Aprendizaje de Personas Jóvenes y Adultas. /
_cproducción María del Jesús de la Rosa, Basilia Rodríguez, Nicolás Guevara, Míriam Camilo y Julia Bayona ; fotografías George Phipps
264 _aSanto Domingo :
_bMinisterio de Educación,
_bMinisterio de la Presidencia,
_bMinisterio de Educación Superior Ciencia y Tecnología,
_c[201-].
300 _a90 páginas
_bilustraciones, retratos
_c24 cm.
336 _2rdacontent
_atexto
_btxt
337 _2rdamedia
_asin mediación
_bn
338 _2rdacarrier
_avolumen
_bnc
590 _aInventariado, 2024/ YL
700 1 _aJesús de la Rosa, María del
_eproducción
_929833
700 1 _aRodríguez, Basilia
_eproducción
_983859
700 1 _aGuevara, Nicolás
_eproducción
_922224
700 1 _aCamilo, Míriam
_eproducción
_975344
700 1 _aBayona, Julia
_eproducción
_985132
710 1 _aQuisqueya aprende contigo
_bPlan Nacional de Alfabetización (República Dominicana)
_972862
910 _aYLockward
942 _2ddc
_cLBS1
999 _c44335
_d44335